[Event "46th Bosna it"]
[Site "Sarajevo BIH"]
[Date "2016.05.28"]
[Round "1.13"]
[White "Sabic, Muris"]
[Black "Kosic, Dragan"]
[Result "0-1"]
[WhiteElo "1971"]
[BlackElo "2507"]
[EventDate "2016.05.28"]
[PlyCount "106"]

1.e4 c5 2.Nf3 Nc6 3.d4 cxd4 4.Nxd4 Nf6 5.Nc3 d6 6.Bg5 e6 7.Qd2 a6 8.O-O-O 
h6 9.Bf4 Bd7 10.Nxc6 Bxc6 11.Bxd6 Bxd6 12.Qxd6 Qxd6 13.Rxd6 Bxe4 14.Rd2 
Ke7 15.f3 Bc6 16.Bd3 b5 17.a3 Rhc8 18.Rhd1 Rc7 19.Kb1 Rb8 20.Bf1 a5 21.Ka1
b4 22.Nb1 Nd5 23.Bd3 Bb5 24.Be4 Ne3 25.Re1 Nc4 26.Rf2 bxa3 27.b3 Nd6 28.
Nxa3 a4 29.Nxb5 Nxb5 30.c4 Nd4 31.bxa4 Rxc4 32.Rb2 Rxa4+ 33.Kb1 Nb3 34.Kc2
Nd4+ 35.Kb1 Rab4 36.Rxb4 Rxb4+ 37.Kc1 f5 38.Bd3 Kf6 39.Kd2 Ra4 40.Kc3 e5 
41.Bf1 Ra2 42.Rb1 Kg5 43.Kc4 Kf4 44.Kd5 Ra5+ 45.Kd6 h5 46.Rb4 h4 47.Bd3 
Ra2 48.Bf1 h3 49.gxh3 Rxh2 50.Rb7 g5 51.Re7 Nxf3 52.Ke6 e4 53.Rf7 Nh4 0-1

[Event "46th Bosna it"]
[Site "Sarajevo BIH"]
[Date "2016.05.28"]
[Round "1.14"]
[White "Drasko, Milan"]
[Black "Cunjalo, Faris"]
[Result "1-0"]
[WhiteElo "2440"]
[BlackElo "1966"]
[EventDate "2016.05.28"]
[PlyCount "81"]

1.Nf3 d5 2.g3 Nf6 3.Bg2 c6 4.O-O Bg4 5.d3 e6 6.c4 dxc4 7.dxc4 Qxd1 8.Rxd1 
Nbd7 9.Bf4 Be7 10.Nc3 O-O-O 11.Ng5 Bh5 12.Kf1 Bg6 13.Nge4 Nxe4 14.Nxe4 
Bxe4 15.Bxe4 Nc5 16.Bc2 Bf6 17.Rxd8+ Rxd8 18.Rb1 e5 19.Be3 b6 20.b4 Ne6 
21.Bf5 Kc7 22.Bxe6 fxe6 23.Kg2 e4 24.g4 h6 25.f3 exf3+ 26.Kxf3 Bg5 27.Rb3 
Rf8+ 28.Kg3 Bxe3 29.Rxe3 Kd6 30.Rd3+ Ke7 31.Ra3 Ra8 32.Kf4 a5 33.Ke5 Ra7 
34.e4 Ra8 35.bxa5 Rxa5+ 36.Rxa5 bxa5 37.Kd4 Kd6 38.e5+ Kd7 39.Kc5 Kc7 40.
a4 g6 41.h4 1-0

[Event "46th Bosna it"]
[Site "Sarajevo BIH"]
[Date "2016.05.28"]
[Round "1.15"]
[White "Hadziselimovic, Bernardina"]
[Black "Drazic, Sinisa"]
[Result "0-1"]
[WhiteElo "1948"]
[BlackElo "2422"]
[EventDate "2016.05.28"]
[PlyCount "94"]

1.e4 c6 2.d4 d5 3.exd5 Qxd5 4.Nc3 Qa5 5.Nf3 Nf6 6.h3 Bf5 7.g4 Bg6 8.Ne5 
Nbd7 9.Nc4 Qc7 10.Bg2 e6 11.h4 h5 12.g5 Nd5 13.Rh3 Nf4 14.Bxf4 Qxf4 15.Qd2
Qxd2+ 16.Kxd2 O-O-O 17.Be4 e5 18.Bxg6 fxg6 19.Rd3 exd4 20.Rxd4 Bc5 21.Rd3 
b5 22.Nd6+ Bxd6 23.Rxd6 Kc7 24.Rd3 Ne5 25.Rxd8 Rxd8+ 26.Ke2 Nc4 27.Rd1 
Re8+ 28.Kf3 Nxb2 29.Rd4 Nc4 30.a4 Nd6 31.axb5 Nxb5 32.Nxb5+ cxb5 33.c4 a6 
34.c5 Re6 35.Rf4 Kc6 36.Rf7 b4 37.Rxg7 b3 38.Ra7 Kxc5 39.Rc7+ Rc6 40.Rb7 
Rb6 41.Rc7+ Kd4 42.Rd7+ Kc3 43.Rc7+ Kd2 44.Rd7+ Kc2 45.Rc7+ Kb1 46.Ke2 b2 
47.Kd3 Ka1 0-1

[Event "46th Bosna it"]
[Site "Sarajevo BIH"]
[Date "2016.05.28"]
[Round "1.16"]
[White "Nikcevic, Nebojsa"]
[Black "Lakovic, Igor"]
[Result "1-0"]
[WhiteElo "2416"]
[BlackElo "1944"]
[EventDate "2016.05.28"]
[PlyCount "87"]

1.Nf3 Nf6 2.c4 e6 3.g3 d5 4.b3 c5 5.Bg2 Nc6 6.O-O Be7 7.e3 O-O 8.Bb2 d4 9.
exd4 cxd4 10.Re1 Ne8 11.d3 f6 12.Ba3 Nc7 13.Bxe7 Qxe7 14.Nh4 Qf7 15.a3 a5 
16.f4 Bd7 17.Nd2 Rae8 18.Ne4 Qe7 19.c5 Rb8 20.Nd6 b6 21.Nhf5 Qd8 22.cxb6 
Rxb6 23.Nc4 Ra6 24.Nfd6 Qb8 25.Ne4 Qa7 26.Qh5 Nd5 27.f5 Ne3 28.fxe6 Bxe6 
29.Nxe3 dxe3 30.Qc5 Nd4 31.Qxa7 Rxa7 32.Nc5 Bf7 33.Rab1 Re8 34.b4 Nc2 35.
b5 Nxe1 36.b6 Rae7 37.Rxe1 Rb8 38.b7 Rc7 39.d4 Bc4 40.Rxe3 Kf7 41.Rc3 Bb5 
42.Rb3 Bc6 43.Bxc6 Rxc6 44.Nd7 1-0

[Event "46th Bosna it"]
[Site "Sarajevo BIH"]
[Date "2016.05.28"]
[Round "1.17"]
[White "Selimovic, Amir"]
[Black "Grynszpan, Mariano"]
[Result "0-1"]
[WhiteElo "1944"]
[BlackElo "2400"]
[EventDate "2016.05.28"]
[PlyCount "54"]

1.e4 d5 2.exd5 Nf6 3.d4 Nxd5 4.c4 Nb6 5.Nc3 g6 6.Be3 Bg7 7.h3 O-O 8.Nf3 
Nc6 9.Be2 e5 10.dxe5 Nxe5 11.Nxe5 Bxe5 12.Qxd8 Rxd8 13.Rc1 c6 14.O-O Be6 
15.b3 f5 16.Bf3 Bf7 17.Ne2 Rd7 18.Rcd1 Rad8 19.Nc1 f4 20.Bc5 Bb2 21.Rxd7 
Rxd7 22.Bg4 Rd8 23.a4 h5 24.Bf3 Nc8 25.Na2 a5 26.Re1 Rd2 27.Be7 Bd4 0-1

[Event "46th Bosna it"]
[Site "Sarajevo BIH"]
[Date "2016.05.28"]
[Round "1.18"]
[White "Jakovljevic, Vlado"]
[Black "Cabric, Izet"]
[Result "1-0"]
[WhiteElo "2395"]
[BlackElo "1930"]
[EventDate "2016.05.28"]
[PlyCount "67"]

1.Nf3 d6 2.d4 Nf6 3.c4 c5 4.Nc3 cxd4 5.Nxd4 a6 6.e4 e6 7.Be2 Qc7 8.Be3 Be7
9.O-O Nbd7 10.Rc1 O-O 11.f4 g6 12.Kh1 b6 13.Bf3 Bb7 14.f5 exf5 15.Nd5 Qd8 
16.exf5 Nxd5 17.Bxd5 Bxd5 18.cxd5 Bf6 19.fxg6 hxg6 20.Nc6 Qe8 21.Re1 Be5 
22.Bh6 f5 23.Bxf8 Qxf8 24.Nxe5 Nxe5 25.Qd4 b5 26.h3 f4 27.Rxe5 dxe5 28.
Qxe5 Re8 29.Qg5 Qf7 30.Rc6 Kg7 31.d6 f3 32.Rc7 Qxc7 33.dxc7 f2 34.Qf4 1-0

[Event "46th Bosna it"]
[Site "Sarajevo BIH"]
[Date "2016.05.28"]
[Round "1.19"]
[White "Colpa, Husein"]
[Black "Plenca, Jadranko"]
[Result "0-1"]
[WhiteElo "1926"]
[BlackElo "2390"]
[EventDate "2016.05.28"]
[PlyCount "114"]

1.d4 d5 2.c4 dxc4 3.e3 e5 4.Bxc4 exd4 5.Qb3 Qf6 6.exd4 Nc6 7.Nf3 Bd6 8.Bg5
Qg6 9.Qe3+ Nge7 10.Bd3 Qh5 11.Nc3 O-O 12.O-O-O h6 13.h4 Bf5 14.Ne4 Nd5 15.
Qe2 Rfe8 16.Rde1 Ncb4 17.Bb1 Nxa2+ 18.Bxa2 Rxe4 19.Be3 Nb4 20.Bb1 Re6 21.
Qb5 Bg6 22.Qxh5 Bxh5 23.Bd2 Rae8 24.Ne5 f6 25.Nd3 Nxd3+ 26.Bxd3 Rxe1+ 27.
Rxe1 Rxe1+ 28.Bxe1 Kf7 29.b4 Bf4+ 30.Kb2 Ke6 31.Kc3 Be8 32.g3 Bd6 33.Bc4+ 
Ke7 34.f3 Bf7 35.Bd3 g5 36.g4 Bd5 37.Be4 c6 38.Kd3 gxh4 39.Bxh4 Bxb4 40.
Bg3 Bd6 41.Be1 Kf7 42.Bd2 Bf8 43.Kc3 b5 44.Bxd5+ cxd5 45.Kb3 Kg6 46.Ba5 h5
47.gxh5+ Kxh5 48.Bc7 Kh4 49.Bd8 Kg3 50.Bxf6 Kxf3 51.Be5 Ke4 52.Kc3 a5 53.
Bf6 a4 54.Be5 b4+ 55.Kc2 Bc5 56.dxc5 Kxe5 57.Kd3 a3 0-1

[Event "46th Bosna it"]
[Site "Sarajevo BIH"]
[Date "2016.05.28"]
[Round "1.20"]
[White "Nestorovic, Dejan"]
[Black "Vujicic, Dragisa"]
[Result "1-0"]
[WhiteElo "2387"]
[BlackElo "1896"]
[EventDate "2016.05.28"]
[PlyCount "51"]

1.d4 Nf6 2.c4 e6 3.Nc3 Bb4 4.e3 c5 5.Ne2 d5 6.a3 Bxc3+ 7.Nxc3 cxd4 8.exd4 
dxc4 9.Bxc4 Nc6 10.Be3 O-O 11.O-O Nd5 12.Bxd5 exd5 13.Qb3 Ne7 14.Rac1 b6 
15.Rfe1 a6 16.Bg5 f6 17.Bf4 Kh8 18.Na4 b5 19.Nc5 Nf5 20.Qb4 Kg8 21.h3 Ra7 
22.Nb3 g5 23.Qc5 Rg7 24.Bd2 Nh4 25.Bb4 Bxh3 26.Qxf8+ 1-0

[Event "46th Bosna it"]
[Site "Sarajevo BIH"]
[Date "2016.05.28"]
[Round "1.21"]
[White "Oputic, Mirsad"]
[Black "Burovic, Ismet"]
[Result "1/2-1/2"]
[WhiteElo "1894"]
[BlackElo "2377"]
[EventDate "2016.05.28"]
[PlyCount "71"]

1.e4 c6 2.Nc3 d5 3.d3 g6 4.Nf3 Bg7 5.Bd2 e5 6.Be2 Ne7 7.Qc1 h6 8.h3 Be6 9.
Nh2 Nd7 10.a4 f5 11.f4 Qc7 12.Nf3 O-O-O 13.fxe5 Nxe5 14.Bf4 fxe4 15.dxe4 
d4 16.Nd1 g5 17.Bxe5 Bxe5 18.Nxe5 Qxe5 19.Nf2 Ng6 20.Qd2 Qg3 21.Bf3 Ne5 
22.O-O-O Nxf3 23.gxf3 Rhf8 24.Nd3 Rxf3 25.Qa5 Qb8 26.h4 g4 27.Qh5 Qd6 28.
Qxh6 b6 29.Qg7 Rf7 30.Qg5 c5 31.e5 Qc6 32.Nf4 Bf5 33.e6 Bxe6 34.Nxe6 Qxe6 
35.Rde1 Qa2 36.Qxg4+ 1/2-1/2

[Event "46th Bosna it"]
[Site "Sarajevo BIH"]
[Date "2016.05.28"]
[Round "1.22"]
[White "Arapovic, Vitomir"]
[Black "Sajin, Mladen"]
[Result "1-0"]
[WhiteElo "2350"]
[BlackElo "1892"]
[EventDate "2016.05.28"]
[PlyCount "63"]

1.e4 e5 2.Nf3 Nf6 3.Nc3 Nc6 4.Bb5 Bc5 5.O-O d6 6.d4 exd4 7.Nxd4 Bd7 8.Be3 
Ng4 9.Bxc6 bxc6 10.Re1 Qf6 11.e5 Qh4 12.Nf3 Nxe3 13.Nxh4 Nxd1 14.exd6+ Be6
15.Raxd1 Bxd6 16.Nf5 O-O-O 17.Nxg7 Bg4 18.Rd3 Rhg8 19.h3 Bd7 20.Nh5 Rg5 
21.Nf6 Bf5 22.Nfe4 Rg7 23.Kf1 Kb8 24.Rd4 Rdg8 25.Nxd6 cxd6 26.g4 Bxc2 27.
Rxd6 f5 28.Re2 Kc7 29.Rd4 Bd1 30.Nxd1 c5 31.Rc4 Kb6 32.Ne3 1-0

[Event "46th Bosna it"]
[Site "Sarajevo BIH"]
[Date "2016.05.28"]
[Round "1.23"]
[White "Stanivukovic, Drago"]
[Black "Burovic, Rijad"]
[Result "0-1"]
[WhiteElo "1890"]
[BlackElo "2347"]
[EventDate "2016.05.28"]
[PlyCount "82"]

1.e4 e6 2.g3 d5 3.exd5 exd5 4.d4 Nf6 5.Bg2 Bg4 6.f3 Bf5 7.Ne2 Bd6 8.O-O 
O-O 9.Bf4 Re8 10.Bxd6 Qxd6 11.Nbc3 c6 12.Qd2 Na6 13.a3 Re7 14.Rf2 Rae8 15.
g4 Bg6 16.Nf4 Bxc2 17.g5 Nd7 18.Nfxd5 cxd5 19.Qxc2 Nb6 20.f4 Nc7 21.Bf1 
Nc4 22.Bxc4 dxc4 23.Rd1 Re1+ 24.Kg2 Nd5 25.Rxe1 Rxe1 26.Qd2 Re3 27.Ne2 Qe6
28.Ng3 h6 29.gxh6 Qxh6 30.Ne2 Qh3+ 31.Kh1 Rd3 32.Qe1 Qe3 33.Qg1 Qe4+ 34.
Rg2 Ne3 35.Nc3 Qxg2+ 36.Qxg2 Nxg2 37.Kxg2 Rxd4 38.Kf3 Rd2 39.Ke3 Rxb2 40.
Kd4 b5 41.Kc5 a6 0-1

[Event "46th Bosna it"]
[Site "Sarajevo BIH"]
[Date "2016.05.28"]
[Round "1.24"]
[White "Lekic, Dusan"]
[Black "Nikolovska, Dragana"]
[Result "1-0"]
[WhiteElo "2345"]
[BlackElo "1875"]
[EventDate "2016.05.28"]
[PlyCount "71"]

1.Nf3 Nf6 2.c4 c5 3.g3 Nc6 4.Bg2 d6 5.O-O g6 6.d4 cxd4 7.Nxd4 Bd7 8.Nc3 
Bg7 9.Nc2 Qc8 10.Bd2 Bh3 11.Ne3 h5 12.f3 g5 13.Rc1 Bxg2 14.Kxg2 g4 15.fxg4
h4 16.h3 hxg3 17.Nf5 Kf8 18.Bg5 Qe6 19.Nxg7 Kxg7 20.Bxf6+ exf6 21.Qd5 Rh6 
22.Ne4 Rah8 23.Rh1 Qe5 24.Qxe5 fxe5 25.Rcd1 Rd8 26.Rd2 Ne7 27.Rhd1 Ng6 28.
e3 Rdh8 29.Nxg3 Kg8 30.Nh5 Ne7 31.Rxd6 f5 32.Rxh6 Rxh6 33.Rd7 Kf8 34.Rxb7 
Rg6 35.Kf3 fxg4+ 36.hxg4 1-0

[Event "46th Bosna it"]
[Site "Sarajevo BIH"]
[Date "2016.05.28"]
[Round "1.25"]
[White "Colpa, Fahrudin"]
[Black "Trkulja, Goran"]
[Result "0-1"]
[WhiteElo "1864"]
[BlackElo "2320"]
[EventDate "2016.05.28"]
[PlyCount "94"]

1.e4 c5 2.Nc3 a6 3.Nf3 e6 4.d4 cxd4 5.Nxd4 Qc7 6.a3 Nc6 7.Be3 Nf6 8.Qd2 
Ng4 9.Bf4 e5 10.Nd5 Qd8 11.Nf5 exf4 12.Qxf4 Nge5 13.O-O-O d6 14.Qg3 g6 15.
Nd4 Nxd4 16.Rxd4 Bg7 17.f4 Nc6 18.Rd1 O-O 19.Bc4 Be6 20.Rhf1 Rc8 21.f5 
Bxd5 22.Bxd5 Be5 23.Qg4 Kg7 24.h4 Qb6 25.c3 Qe3+ 26.Kb1 h5 27.f6+ Bxf6 28.
Qd7 Ne7 29.Rf3 Qe2 30.Rdf1 Nxd5 31.exd5 Qe7 32.Qa4 Be5 33.Qe4 f5 34.Qb4 b5
35.Re1 Rc4 36.Qa5 Qb7 37.b3 Rxh4 38.Rd3 Re4 39.Red1 Rc8 40.Rc1 Bf6 41.Rc2 
Bd8 42.Qb4 Rxb4 43.axb4 Bf6 44.Kb2 a5 45.Ka3 axb4+ 46.Kxb4 Qb6 47.Ka3 Qa5+
0-1

[Event "46th Bosna it"]
[Site "Sarajevo BIH"]
[Date "2016.05.28"]
[Round "1.26"]
[White "Sutkovic, Damir"]
[Black "Urh, Zala"]
[Result "1-0"]
[WhiteElo "2316"]
[BlackElo "1860"]
[EventDate "2016.05.28"]
[PlyCount "73"]

1.b3 d5 2.Bb2 e6 3.e3 Nf6 4.Nf3 Be7 5.c4 O-O 6.Nc3 c5 7.cxd5 exd5 8.d4 Nc6
9.Be2 Bf5 10.O-O b6 11.Ne5 Qc7 12.Nb5 Qb7 13.dxc5 bxc5 14.Nxc6 Qxc6 15.Rc1
Rfd8 16.Nd4 Qd7 17.Bb5 Qc8 18.Nc6 Qe6 19.Nxd8 Rxd8 20.Bd3 Ne4 21.f3 Nd6 
22.Re1 c4 23.Bxf5 Nxf5 24.Bd4 Ba3 25.Rc2 Bb4 26.Ree2 a5 27.Qc1 h6 28.bxc4 
dxc4 29.a3 Be7 30.Qe1 Qa6 31.Qc3 Nxd4 32.exd4 Bf6 33.Qxc4 Bxd4+ 34.Kf1 Qd6
35.Rcd2 Qxa3 36.Re4 Qa1+ 37.Re1 1-0

[Event "46th Bosna it"]
[Site "Sarajevo BIH"]
[Date "2016.05.28"]
[Round "1.27"]
[White "Agic, Ahmed"]
[Black "Vajic, Goran"]
[Result "0-1"]
[WhiteElo "1856"]
[BlackElo "2299"]
[EventDate "2016.05.28"]
[PlyCount "62"]

1.d4 Nf6 2.Nf3 d5 3.g3 Bf5 4.Bg2 e6 5.O-O Bd6 6.Nbd2 O-O 7.c4 c6 8.Re1 Ne4
9.c5 Bc7 10.Nh4 Nd7 11.Nhf3 b6 12.b4 bxc5 13.bxc5 Ba5 14.Nh4 Bc3 15.Nb3 
Bxa1 16.Nxa1 Qa5 17.Nxf5 exf5 18.Bxe4 fxe4 19.Nc2 Rab8 20.Bd2 Qa4 21.Bc3 
Rb7 22.Qd2 Rfb8 23.Ne3 Rb1 24.Rxb1 Rxb1+ 25.Kg2 Qa3 26.Nxd5 cxd5 27.c6 Nb6
28.Qf4 Qf8 29.a4 h6 30.a5 Nc8 31.a6 Qd6 0-1

[Event "46th Bosna it"]
[Site "Sarajevo BIH"]
[Date "2016.05.28"]
[Round "1.28"]
[White "Batricevic, Sasa"]
[Black "Nestorovic, Katarina"]
[Result "1-0"]
[WhiteElo "2296"]
[BlackElo "1849"]
[EventDate "2016.05.28"]
[PlyCount "69"]

1.e4 c5 2.Nf3 e6 3.Nc3 d6 4.d4 cxd4 5.Nxd4 Nf6 6.Be3 Be7 7.Qf3 O-O 8.O-O-O
Nbd7 9.Be2 a6 10.g4 Ne5 11.Qg3 Qc7 12.g5 Nfd7 13.f4 Nc4 14.Bxc4 Qxc4 15.f5
Rd8 16.f6 Bf8 17.fxg7 Kxg7 18.Rhf1 Be7 19.Nd5 exd5 20.Nf5+ Kf8 21.g6 hxg6 
22.Bh6+ Ke8 23.Ng7+ Kf8 24.Qxg6 Ne5 25.Qh7 Bh4 26.Nf5+ Ke8 27.Nxh4 Bg4 28.
Rde1 d4 29.Kb1 Rac8 30.Rc1 Be6 31.b3 Qb4 32.Nf5 Kd7 33.Qg7 Nc4 34.Nxd4 Qc3
35.Rxf7+ 1-0

[Event "46th Bosna it"]
[Site "Sarajevo BIH"]
[Date "2016.05.28"]
[Round "1.29"]
[White "Marn, Jan"]
[Black "Durakovic, Alman"]
[Result "0-1"]
[WhiteElo "1831"]
[BlackElo "2292"]
[EventDate "2016.05.28"]
[PlyCount "36"]

1.e4 c5 2.c3 d5 3.exd5 Nf6 4.d4 cxd4 5.Qa4+ Nbd7 6.Qxd4 g6 7.Bb5 Bg7 8.
Bxd7+ Qxd7 9.c4 b5 10.Nc3 bxc4 11.Nf3 O-O 12.O-O Bb7 13.Rd1 Rfd8 14.Ne5 
Qf5 15.Nxc4 Nxd5 16.Ne3 Bxd4 17.Nxf5 Nxc3 18.Nxe7+ Kg7 0-1

[Event "46th Bosna it"]
[Site "Sarajevo BIH"]
[Date "2016.05.28"]
[Round "1.31"]
[White "Janjic, Nikola"]
[Black "Obad, Andrija"]
[Result "0-1"]
[WhiteElo "1827"]
[BlackElo "2279"]
[EventDate "2016.05.28"]
[PlyCount "124"]

1.c4 Nf6 2.Nc3 g6 3.g3 Bg7 4.Bg2 d6 5.d4 O-O 6.Nf3 Nc6 7.O-O a6 8.e4 Rb8 
9.b3 e5 10.Bb2 Bg4 11.d5 Nd4 12.Qd3 Bxf3 13.Bxf3 Nd7 14.Bg2 c5 15.dxc6 
bxc6 16.Ne2 Nc5 17.Qd2 Nxe2+ 18.Qxe2 a5 19.Bc3 Ne6 20.Qd2 Ra8 21.Rfd1 Nd4 
22.Bxd4 exd4 23.Rab1 Qc7 24.f4 c5 25.Qd3 Rab8 26.Rd2 Rb6 27.Rdb2 Rfb8 28.
Bf3 a4 29.Bd1 Qa7 30.Kg2 Qa8 31.Bf3 Qa5 32.Bd1 Qa7 33.Bf3 Kf8 34.Bd1 Bf6 
35.Re2 Qb7 36.Reb2 Bg7 37.Bf3 Qa6 38.Bd1 h5 39.Bf3 Qa5 40.Bd1 Kg8 41.Qd2 
Qa8 42.Qd3 Qb7 43.Kg1 Qa8 44.Bf3 Qa5 45.Bd1 h4 46.Kg2 hxg3 47.hxg3 Qa7 48.
Bf3 Bf6 49.Bd1 R8b7 50.Bf3 Rb8 51.Bd1 Kg7 52.Bf3 Qd7 53.g4 g5 54.Rh1 Rh8 
55.Rxh8 Kxh8 56.Rb1 axb3 57.axb3 Ra6 58.Rh1+ Kg7 59.fxg5 Ra2+ 60.Kh3 Be5 
61.Be2 Qd8 62.Rf1 Qh8+ 0-1

[Event "46th Bosna it"]
[Site "Sarajevo BIH"]
[Date "2016.05.28"]
[Round "1.32"]
[White "Pasalic, Harun"]
[Black "Sejmenovic, Senad"]
[Result "1-0"]
[WhiteElo "2253"]
[BlackElo "1802"]
[EventDate "2016.05.28"]
[PlyCount "83"]

1.e4 e5 2.Nf3 Nc6 3.Bc4 Bc5 4.c3 h6 5.d4 exd4 6.cxd4 Bb4+ 7.Nc3 Nge7 8.O-O
O-O 9.Bf4 Bxc3 10.bxc3 Ng6 11.Bg3 d6 12.h3 Nce7 13.Nh4 Nxh4 14.Bxh4 Be6 
15.Bxe6 fxe6 16.Qb3 Qd7 17.Qxb7 Rab8 18.Qa6 Rb6 19.Qd3 Ng6 20.Bg3 Nf4 21.
Bxf4 Rxf4 22.Rae1 Qa4 23.e5 d5 24.Rb1 Qa3 25.Qc2 Qa6 26.Qg6 Rf7 27.Rxb6 
Qxb6 28.Rb1 Qc6 29.Rb3 a5 30.Qd3 Qa4 31.Qg6 Qc6 32.Qd3 Qa4 33.Qc2 Qc4 34.
Rb8+ Rf8 35.Rb7 Rf4 36.a4 Re4 37.Kh2 Qc6 38.Rb8+ Kf7 39.f3 Rf4 40.Qh7 Rf5 
41.h4 Ke7 42.Qxg7+ 1-0

[Event "46th Bosna it"]
[Site "Sarajevo BIH"]
[Date "2016.05.28"]
[Round "1.33"]
[White "Bajic, Salko"]
[Black "Mrndjic, Muamer"]
[Result "0-1"]
[WhiteElo "1786"]
[BlackElo "2224"]
[EventDate "2016.05.28"]
[PlyCount "92"]

1.Nf3 d5 2.d4 Nf6 3.c4 c6 4.Nc3 e6 5.e3 Nbd7 6.cxd5 exd5 7.Bd3 Bd6 8.h3 
O-O 9.O-O Re8 10.Re1 Ne4 11.a3 Ndf6 12.Qc2 h6 13.b4 Nxc3 14.Qxc3 Ne4 15.
Qc2 Qf6 16.Ne5 Bxe5 17.Bxe4 Bc7 18.Bd3 Qd6 19.f4 Bd7 20.Qf2 Qf6 21.Bd2 Bf5
22.Qf1 Bxd3 23.Qxd3 a6 24.Rac1 Qg6 25.Qxg6 fxg6 26.g4 Kf7 27.Kg2 Bb6 28.
Rb1 Re4 29.Kf3 g5 30.fxg5 hxg5 31.Rf1 Kg6 32.Kg2 Rae8 33.Rb3 R8e6 34.Rf3 
Rf6 35.a4 Bxd4 36.Rxf6+ Bxf6 37.Kf3 Rc4 38.Ke2 Rc2 39.Kd3 Ra2 40.a5 Ra1 
41.Bc3 Rd1+ 42.Kc2 Rh1 43.Bxf6 Kxf6 44.e4 dxe4 45.Re3 Ke5 46.Kc3 Kf4 0-1

[Event "46th Bosna it"]
[Site "Sarajevo BIH"]
[Date "2016.05.28"]
[Round "1.34"]
[White "Bandic, Adnan"]
[Black "Lapo, Safet"]
[Result "1-0"]
[WhiteElo "2218"]
[BlackElo "1781"]
[EventDate "2016.05.28"]
[PlyCount "59"]

1.e4 d5 2.exd5 Qxd5 3.Nc3 Qa5 4.d4 c6 5.Nf3 Bf5 6.Bc4 Nf6 7.O-O e6 8.Bd2 
Nbd7 9.Re1 Be7 10.d5 cxd5 11.Nxd5 Qc5 12.Nxe7 Kxe7 13.Nd4 Bg4 14.Nxe6 fxe6
15.Be2 Bf5 16.c4 Kf7 17.g4 Bg6 18.Be3 Qc7 19.g5 Ne4 20.Bg4 Rhe8 21.f3 Nec5
22.Qd4 Rad8 23.Rad1 b6 24.b4 Na6 25.Bf4 Qc8 26.Bxe6+ Rxe6 27.Rxe6 Bf5 28.
Re7+ Kxe7 29.Qxg7+ Ke8 30.Bd6 1-0

[Event "46th Bosna it"]
[Site "Sarajevo BIH"]
[Date "2016.05.28"]
[Round "1.35"]
[White "Comor, Harun"]
[Black "Hadzovic, Amir"]
[Result "0-1"]
[WhiteElo "1761"]
[BlackElo "2218"]
[EventDate "2016.05.28"]
[PlyCount "138"]

1.e4 e5 2.Nf3 Nc6 3.Bb5 a6 4.Ba4 Nge7 5.O-O g6 6.d4 exd4 7.Nxd4 Bg7 8.c3 
O-O 9.f4 Nxd4 10.cxd4 d5 11.e5 h5 12.h3 h4 13.Nd2 Nf5 14.Nf3 c6 15.Bc2 Ng3
16.Re1 Bf5 17.Bxf5 Nxf5 18.Qb3 b6 19.Be3 Bh6 20.Ng5 Bxg5 21.fxg5 Re8 22.
Rac1 Re6 23.Qc3 c5 24.Kh2 cxd4 25.Bxd4 Qxg5 26.Be3 Qg3+ 27.Kg1 Qxe5 28.
Qxe5 Rxe5 29.Bxb6 Rxe1+ 30.Rxe1 Rb8 31.Bc7 Rc8 32.Be5 Rc6 33.Rd1 f6 34.Bc3
d4 35.Bb4 Rc2 36.Rd2 Rc1+ 37.Kf2 Kf7 38.Re2 Ne3 39.Re1 Rc2+ 40.Re2 Rxb2 
41.Rxb2 Nd1+ 42.Ke2 Nxb2 43.Bc5 d3+ 44.Kd2 Ke6 45.Bd4 Nc4+ 46.Kxd3 Ne5+ 
47.Ke3 Kd5 48.Bc3 g5 49.a3 f5 50.Bb4 Nc4+ 51.Kf3 Ke6 52.g3 hxg3 53.Kxg3 a5
54.Bf8 a4 55.Bb4 Nd6 56.Kf3 Kd5 57.Ke3 Ne4 58.Be7 Ke5 59.Kf3 Nf6 60.Kg3 
Ke6 61.Bb4 Nd5 62.Bf8 Ke5 63.Kf3 Nf4 64.Kg3 Ke4 65.Bh6 Ne6 66.h4 f4+ 67.
Kh3 gxh4 68.Kxh4 Kf3 69.Kh3 Ke2 0-1

[Event "46th Bosna it"]
[Site "Sarajevo BIH"]
[Date "2016.05.28"]
[Round "1.36"]
[White "Hodzic, Nihad"]
[Black "Peric, Pero"]
[Result "1-0"]
[WhiteElo "2215"]
[BlackElo "1746"]
[EventDate "2016.05.28"]
[PlyCount "43"]

1.d4 d5 2.c4 e6 3.Nc3 Nf6 4.Nf3 Nc6 5.Bg5 h6 6.Bxf6 Qxf6 7.cxd5 exd5 8.
Nxd5 Qd8 9.Nc3 Bb4 10.Rc1 Bg4 11.d5 Bxc3+ 12.Rxc3 Ne7 13.Ne5 Bf5 14.e4 Bh7
15.Bb5+ c6 16.Qf3 O-O 17.dxc6 bxc6 18.Bc4 Qe8 19.O-O Nc8 20.Rd1 Qxe5 21.
Qxf7+ Rxf7 22.Rd8+ 1-0

[Event "46th Bosna it"]
[Site "Sarajevo BIH"]
[Date "2016.05.28"]
[Round "1.37"]
[White "Markovic, Rade A"]
[Black "Musovic, Armin"]
[Result "0-1"]
[WhiteElo "1730"]
[BlackElo "2203"]
[EventDate "2016.05.28"]
[PlyCount "58"]

1.e4 c6 2.d4 d5 3.exd5 cxd5 4.c4 Nc6 5.Nf3 Nf6 6.Nc3 Bg4 7.Be2 e6 8.O-O 
dxc4 9.Bxc4 Be7 10.Be3 O-O 11.Be2 Qa5 12.a3 Nd5 13.Ne4 Qb6 14.b4 Rad8 15.
Qb3 Bxf3 16.gxf3 Nxd4 17.Qb2 Nxe3 18.fxe3 Nf5 19.Kh1 Qxe3 20.Rg1 Nd4 21.
Rg2 f5 22.Ng3 Qh6 23.Rag1 Bf6 24.Bc4 Kh8 25.Qf2 Bh4 26.Qb2 Nxf3 27.Nxf5 
exf5 28.Rxg7 Bf6 29.Rxh7+ Qxh7 0-1

[Event "46th Bosna it"]
[Site "Sarajevo BIH"]
[Date "2016.05.28"]
[Round "1.38"]
[White "Tica, Sven"]
[Black "Demic, Aleksandar"]
[Result "1-0"]
[WhiteElo "2188"]
[BlackElo "1727"]
[EventDate "2016.05.28"]
[PlyCount "55"]

1.d4 Nf6 2.c4 e6 3.g3 Bb4+ 4.Bd2 Qe7 5.Bg2 O-O 6.Nc3 d6 7.e3 c5 8.Nge2 Nc6
9.O-O Bd7 10.a3 Bxc3 11.Bxc3 Rac8 12.b4 cxd4 13.exd4 d5 14.b5 Nb8 15.Bb4 
Qe8 16.Bxf8 Kxf8 17.cxd5 Bxb5 18.dxe6 Qxe6 19.Nf4 Qd6 20.Re1 Nc6 21.d5 Na5
22.Rb1 a6 23.Rc1 Rxc1 24.Qxc1 g6 25.Qc3 b6 26.Ne6+ Kg8 27.Qxf6 fxe6 28.Bh3
1-0

[Event "46th Bosna it"]
[Site "Sarajevo BIH"]
[Date "2016.05.28"]
[Round "1.39"]
[White "Pleh, Semir"]
[Black "Injac, Teodora"]
[Result "0-1"]
[WhiteElo "1715"]
[BlackElo "2185"]
[EventDate "2016.05.28"]
[PlyCount "66"]

1.d4 Nf6 2.c4 g6 3.Nc3 Bg7 4.Nf3 O-O 5.e4 d6 6.Bd3 Bg4 7.h3 Bxf3 8.Qxf3 
Nc6 9.Be3 Nd7 10.Ne2 Nde5 11.dxe5 Nxe5 12.Qg3 Nxd3+ 13.Kf1 Nxb2 14.Rc1 c5 
15.Bd2 Na4 16.Qb3 Qd7 17.g3 a6 18.Kg2 b5 19.Rhf1 Nb6 20.cxb5 axb5 21.Rb1 
b4 22.Nc1 Qc6 23.f3 Ra3 24.Qc2 Qa4 25.Qxa4 Nxa4 26.Rf2 Ra8 27.Bg5 Bd4 28.
Rc2 Nc3 29.Rb3 Nxa2 30.Rb1 Nxc1 31.Bxc1 Ra2 32.Bb2 c4 33.Rxc4 Bxb2 0-1

[Event "46th Bosna it"]
[Site "Sarajevo BIH"]
[Date "2016.05.28"]
[Round "1.40"]
[White "Kamberovic, Senad"]
[Black "Gacic, Uzeir"]
[Result "1-0"]
[WhiteElo "2179"]
[BlackElo "1713"]
[EventDate "2016.05.28"]
[PlyCount "117"]

1.d4 d5 2.Nf3 h6 3.Bf4 Nc6 4.e3 Nf6 5.c4 e6 6.Nc3 a6 7.Bd3 Nh5 8.Bg3 Nxg3 
9.hxg3 Nb4 10.Be2 Be7 11.a3 Nc6 12.cxd5 exd5 13.Qb3 Na5 14.Qxd5 c6 15.
Qxd8+ Bxd8 16.Nd2 b5 17.b4 Nb7 18.Bf3 Bd7 19.O-O O-O 20.Nb3 Rc8 21.Ne4 a5 
22.Nbc5 Nxc5 23.Nxc5 Be6 24.Nxe6 fxe6 25.Rfc1 e5 26.dxe5 c5 27.bxc5 Re8 
28.Bd5+ Kh8 29.f4 Be7 30.c6 Rc7 31.e4 b4 32.a4 Rb8 33.Rab1 Bd8 34.Kf2 Re7 
35.Kf3 Bb6 36.g4 Rf8 37.e6 Bc7 38.g3 Kh7 39.Rd1 g6 40.Bb3 Rc8 41.Rd7 Bd8 
42.Rbd1 Rxd7 43.Rxd7+ Kh8 44.e7 Bxe7 45.Rxe7 Rxc6 46.Bd5 Rc3+ 47.Kg2 b3 
48.Rb7 Rc2+ 49.Kh3 b2 50.e5 Rd2 51.Bf7 Rd7 52.Rb8+ Kg7 53.e6 Rd4 54.e7 Rb4
55.Rxb4 axb4 56.Ba2 b1=Q 57.Bxb1 Kf7 58.a5 Kxe7 59.a6 1-0

[Event "46th Bosna it"]
[Site "Sarajevo BIH"]
[Date "2016.05.28"]
[Round "1.41"]
[White "Fejzic, Edo"]
[Black "Bucan, Eldin"]
[Result "0-1"]
[WhiteElo "1696"]
[BlackElo "2179"]
[EventDate "2016.05.28"]
[PlyCount "106"]

1.e4 d6 2.d4 Nf6 3.Nc3 g6 4.Nf3 Bg7 5.Bc4 c6 6.a4 O-O 7.O-O Nxe4 8.Nxe4 d5
9.Bd3 dxe4 10.Bxe4 Bg4 11.c3 Nd7 12.h3 Bxf3 13.Qxf3 e5 14.dxe5 Nxe5 15.Qe2
f5 16.Bc2 f4 17.Qe4 Qf6 18.Rd1 Rae8 19.b3 Kh8 20.Ba3 Rg8 21.Rd6 Qg5 22.Rd4
f3 23.g3 Nf7 24.Qxf3 Bxd4 25.cxd4 Kg7 26.Rd1 Qf6 27.Qxf6+ Kxf6 28.Bd3 Ng5 
29.Kg2 Ne6 30.Bc4 Rd8 31.Bb2 Kf7 32.Re1 Rge8 33.f4 b5 34.axb5 cxb5 35.
Bxe6+ Rxe6 36.Rxe6 Kxe6 37.Kf3 Kd5 38.g4 a5 39.f5 gxf5 40.gxf5 Rc8 41.Kg4 
Rc2 42.Ba1 Rg2+ 43.Kh5 Rg1 44.Bc3 b4 45.Bd2 Kxd4 46.Bg5 Ke5 47.f6 Ke6 48.
h4 Rg3 49.Kh6 Kf7 50.Kxh7 Rxb3 51.h5 a4 52.h6 a3 53.Bc1 a2 0-1

[Event "46th Bosna it"]
[Site "Sarajevo BIH"]
[Date "2016.05.28"]
[Round "1.42"]
[White "Terzic, Ilijas"]
[Black "Yavic, Adnan"]
[Result "1-0"]
[WhiteElo "2165"]
[BlackElo "1696"]
[EventDate "2016.05.28"]
[PlyCount "67"]

1.d4 e6 2.Nf3 d5 3.c4 Nf6 4.Nc3 Be7 5.Bg5 O-O 6.e3 b6 7.cxd5 exd5 8.Rc1 
Bg4 9.h3 Bh5 10.g4 Bg6 11.Ne5 h6 12.Bh4 a6 13.Bg2 c6 14.Qb3 Ne4 15.Bxe7 
Qxe7 16.Nxg6 fxg6 17.Nxe4 Qf7 18.O-O dxe4 19.Qxf7+ Rxf7 20.Bxe4 Rf6 21.b4 
Ra7 22.d5 Rc7 23.dxc6 Kf8 24.a4 b5 25.axb5 axb5 26.Rc5 Ke7 27.Rfc1 Re6 28.
Bf3 Rf6 29.Bg2 Rd6 30.Rxb5 Nd7 31.Rb1 Nf8 32.Re5+ Ne6 33.b5 Kf6 34.Rd5 1-0